01030pab a2200145 454500008004000000100001800040245005300058260000900111300001300120362001000133520062700143650004400770650003600814773003400850180718b2013 xxu||||| |||| 00| 0 eng d aBaru, Sanjaya aIndia and the World - A geoeconomics perspective c2013 ap.37-41. a9 Feb aStrategic autonomy in an interdependent world is secured through creating mutually beneficial relationships of interdependence, not from the mere assertion of one's independence or non-alignment. It is the fruit of economic growth and development pursued in a globalised world wherein a nation is able to utilise the benefits of interdependence while managing the costs this imposes. Hence, the concepts of "autonomy" and "self-reliance" have to be defined in the context of the economic interdependence of nations, and India's need and ability to draw on the economic opportunities the world presents to us. - Reproduced. aEconomic and social development - India aEconomic and social development aEconomic and Political Weekly